000
00283nam a2200121Ia 4500
008
240614s9999 xx 000 0 und d
041
_a
eng
100
_a
Bhagat, Chetan
245
_a
One Indian Girl
260
_b
Rupa Publication
_c
2016
_a
Pune
300
_a
272
650
_a
General
999
_c
358717
_d
358717